| 000 | 00000nam##2200000za#4500 |
| 001 | 9.578948 |
| 003 | CaOODSP |
| 005 | 20210624190329 |
| 007 | cr ||||||||||| |
| 008 | 150406|1991||||xxc|||||o f|0| 0 eng|d |
| 022 | |a1488-5379 |
| 040 | |aCaOODSP|beng |
| 043 | |an-cn--- |
| 086 | 1 |aFs97-6/1797E-PDF |
| 110 | 1 |aCanada. |bDepartment of Fisheries and Oceans. |
| 245 | 14|aThe carrying capacity of Pitt Lake for juvenile sockeye salmon (Oncorhynchus nerka) / |h[electronic resource]|cby N.A. Anderson
[et al.] |
| 260 | |aVancouver - British Columbia : |bFisheries and Oceans Canada |c1991. |
| 300 | |a174p.|bfigs., references, tables |
| 490 | 1 |aCanadian technical report of fisheries and aquatic sciences|x1488-5379|vNo. 1797 |
| 500 | |aOn cover : Biological Sciences Branch, Vancouver, British Columbia. The catalogue number and ISSN for the print edition appear in the PDF version. |
| 546 | |a(Résumé en français) |
| 590 | |a14-05-Supp|b2014-02-26 |
| 720 | 1 |aAnderson, N. A. |
| 830 | #0|aCanadian technical report of fisheries and aquatic sciences,|x1488-5379|vNo. 1797|w(CaOODSP)9.504449 |
| 856 | 40|ahttp://publications.gc.ca|qPDF|s11,671 KB|uhttps://publications.gc.ca/collections/collection_2014/mpo-dfo/Fs97-6-1797-eng.pdf|yNo. 1797 |